000 00264cam a2200109ua 4500
082 _a823.301
_bCHO/CH
100 _aChopra , R P .
_91667
245 _aChoice of Short Stories /
260 _aLondon :
_bBlackie & Son Ltd ,
_c1971.
300 _a140 ; .
942 _cBK
999 _c3896
_d3896